[Event "27. ekipno prvenstvo RH"]
[Site "Biograd na Moru"]
[Date "2018.09.09"]
[Round "2.16"]
[White "Jankovic, Alojzije"]
[Black "Rogic, Davor"]
[Result "1-0"]
[WhiteElo "2558"]
[BlackElo "2519"]
[PlyCount "63"]
[EventDate "2018.??.??"]

1. d4 d5 2. c4 c6 3. Nf3 Nf6 4. Qc2 g6 5. Bf4 Bg7 6. e3 O-O 7. Nc3 c5 8. dxc5
Qa5 9. Rc1 Na6 10. a3 Bf5 11. Qd2 dxc4 12. Bxc4 Rad8 13. Nd4 Nh5 14. Bg5 Qxc5
15. Ncb5 h6 16. Be2 Qe5 17. f4 Qd5 18. Bxe7 Nxf4 19. exf4 Rfe8 20. Bxd8 Bg4 21.
Ba5 Qxg2 22. Rf1 Bf6 23. Qd3 Qd5 24. Kd2 Bxe2 25. Nxe2 Qh5 26. Bb4 Rd8 27. Nbd4
Qxh2 28. Kc3 Nc7 29. Kb3 Ne6 30. Ka2 Nxd4 31. Nxd4 Rxd4 32. Qb3 1-0

[Event "27. ekipno prvenstvo RH"]
[Site "Biograd na Moru"]
[Date "2018.09.09"]
[Round "2.21"]
[White "Movsesian, Sergei"]
[Black "Inarkiev, Ernesto"]
[Result "1/2-1/2"]
[WhiteElo "2645"]
[BlackElo "2679"]
[PlyCount "118"]
[EventDate "2018.??.??"]

1. e4 e5 2. Nf3 Nc6 3. Bc4 Nf6 4. d3 Bc5 5. O-O O-O 6. c3 d5 7. exd5 Nxd5 8. h3
Nb6 9. Bb5 Bd6 10. Re1 Ne7 11. d4 exd4 12. Nxd4 c6 13. Bf1 Nf5 14. Nxf5 Bxf5
15. Nd2 Qd7 16. Nb3 Rfe8 17. Rxe8+ Rxe8 18. Be3 Qe7 19. Nd4 Be4 20. Qh5 Nd5 21.
Re1 Nxe3 22. Rxe3 Qe5 23. Qxe5 Rxe5 24. Nf3 Re7 25. Bd3 Bd5 26. Rxe7 Bxe7 27.
c4 Be6 28. Nd4 Bd7 29. Bf5 Bxf5 30. Nxf5 Bc5 31. g4 Kf8 32. Kg2 g6 33. Ng3 Ke7
34. f4 Bd4 35. b3 h6 36. Kf3 b6 37. h4 Bc3 38. h5 Be1 39. Ne2 Bd2 40. Ng3 Bc3
41. hxg6 fxg6 42. f5 Be5 43. fxg6 Bxg3 44. Kxg3 Kf6 45. Kh4 Kxg6 46. b4 c5 47.
b5 Kf6 48. Kh5 Kg7 49. g5 hxg5 50. Kxg5 Kf7 51. Kf5 Ke7 52. Ke5 Kd7 53. Kd5 Kc7
54. Ke6 Kc8 55. Kd6 Kb7 56. Kd7 Kb8 57. Kc6 Kc8 58. a3 Kb8 59. a4 Kc8 1/2-1/2

[Event "27. ekipno prvenstvo RH"]
[Site "Biograd na Moru"]
[Date "2018.09.09"]
[Round "2.22"]
[White "Romanov, Evgeny"]
[Black "Nguyen, Thai Dai Van"]
[Result "1-0"]
[WhiteElo "2611"]
[BlackElo "2537"]
[PlyCount "119"]
[EventDate "2018.??.??"]

1. c4 e6 2. g3 d5 3. Bg2 Nf6 4. b3 Be7 5. Nf3 O-O 6. O-O b6 7. Bb2 Bb7 8. e3
dxc4 9. bxc4 c5 10. Nc3 Nc6 11. Qe2 Qc7 12. Rad1 a6 13. Ne1 Na7 14. a4 Bxg2 15.
Nxg2 Rfd8 16. g4 Qd7 17. g5 Ne8 18. f4 Qd3 19. Qxd3 Rxd3 20. Kf2 Rd7 21. Ne4
Nc6 22. Ke2 Nd6 23. Nxd6 Rxd6 24. Ne1 Rad8 25. Nf3 f5 26. Bc3 a5 27. h4 Rc8 28.
h5 Bd8 29. Ne5 Nxe5 30. Bxe5 Rd7 31. Rb1 Rc6 32. Rb3 Kf8 33. Rc1 Ke8 34. Rcc3
Bc7 35. Rd3 Bd6 36. Rb5 Kd8 37. Bc3 Kc7 38. Rb1 Re7 39. Kf3 e5 40. Rd5 exf4 41.
exf4 g6 42. d3 Kc8 43. hxg6 hxg6 44. Rh1 Bc7 45. Rh8+ Kb7 46. Bf6 Re1 47. Rh7
Kc8 48. Rdd7 Re8 49. Rdf7 Bb8 50. Be5 Rce6 51. Rf6 Bxe5 52. fxe5 Rxe5 53. Rc6+
Kd8 54. Rxb6 R8e7 55. Rxe7 Kxe7 56. Rxg6 Re1 57. Rc6 Ra1 58. Rxc5 Rxa4 59. Rxf5
Ra1 60. Ke4 1-0

[Event "27. ekipno prvenstvo RH"]
[Site "Biograd na Moru"]
[Date "2018.09.09"]
[Round "2.24"]
[White "Plenkovic, Zdenko"]
[Black "Biti, Ozren"]
[Result "1/2-1/2"]
[WhiteElo "2418"]
[BlackElo "2366"]
[PlyCount "71"]
[EventDate "2018.??.??"]

1. c4 e5 2. Nc3 d6 3. e3 f5 4. d4 c6 5. dxe5 dxe5 6. Qxd8+ Kxd8 7. Nf3 e4 8.
Nd4 Nf6 9. Be2 c5 10. Nc2 Be6 11. b3 Nbd7 12. Bb2 a6 13. O-O Bd6 14. Rfd1 Ke7
15. Rab1 Rhd8 16. Na4 Rac8 17. Ba3 a5 18. Rd2 Rc6 19. Rbd1 b6 20. Nc3 Ne5 21.
Nb5 Nf7 22. h3 Ke8 23. Bb2 Be7 24. a4 Rxd2 25. Rxd2 g6 26. Nca3 Nd7 27. Nb1 Nd6
28. N1c3 Nxb5 29. Nxb5 Kf7 30. Kf1 Bf6 31. Rd6 Rxd6 32. Nxd6+ Kf8 33. Bxf6 Nxf6
34. Nb5 Ke7 35. Ke1 Bd7 36. Nc3 1/2-1/2

[Event "27. ekipno prvenstvo RH"]
[Site "Biograd na Moru"]
[Date "2018.09.09"]
[Round "2.26"]
[White "Sale, Srdjan"]
[Black "Filipovic, Marko"]
[Result "1-0"]
[WhiteElo "2428"]
[BlackElo "2321"]
[PlyCount "55"]
[EventDate "2018.??.??"]

1. g3 d5 2. Bg2 Nf6 3. Nf3 e6 4. O-O Be7 5. d3 O-O 6. Nbd2 c5 7. e4 Nc6 8. e5
Nd7 9. Re1 Rb8 10. Nf1 b5 11. h4 Qc7 12. Bf4 b4 13. h5 a5 14. h6 g6 15. Ne3 Ba6
16. Nxd5 exd5 17. e6 Bd6 18. Bxd6 Qxd6 19. exd7 Qxd7 20. d4 f6 21. dxc5 d4 22.
Nd2 Rbd8 23. Ne4 Qf5 24. Qf3 Qxf3 25. Bxf3 d3 26. Nd6 Nd4 27. Bd5+ Kh8 28. cxd3
1-0

[Event "27. ekipno prvenstvo RH"]
[Site "Biograd na Moru"]
[Date "2018.09.09"]
[Round "2.31"]
[White "Postny, Evgeny"]
[Black "Abasov, Nijat"]
[Result "1/2-1/2"]
[WhiteElo "2621"]
[BlackElo "2632"]
[PlyCount "65"]
[EventDate "2018.??.??"]

1. d4 Nf6 2. c4 e6 3. g3 d5 4. Bg2 Bb4+ 5. Nd2 O-O 6. Ngf3 b6 7. O-O Bb7 8. Ne5
Nbd7 9. Qa4 Bxd2 10. Bxd2 Nxe5 11. dxe5 Nd7 12. Rfd1 Nxe5 13. Bc3 Ng6 14. cxd5
exd5 15. e4 c6 16. exd5 cxd5 17. h4 f6 18. h5 Ne5 19. h6 gxh6 20. Qf4 h5 21.
Bxe5 fxe5 22. Qxe5 Qe8 23. Bxd5+ Bxd5 24. Qxd5+ Qf7 25. Rac1 Rae8 26. Qxf7+
Rxf7 27. Kf1 Re4 28. Rd5 h4 29. Rg5+ Kf8 30. Rc8+ Ke7 31. Rc7+ Ke6 32. Rxf7
Kxf7 33. Rd5 1/2-1/2

[Event "27. ekipno prvenstvo RH"]
[Site "Biograd na Moru"]
[Date "2018.09.09"]
[Round "2.33"]
[White "Jovanovic, Zoran"]
[Black "Galic, Ivan"]
[Result "1/2-1/2"]
[WhiteElo "2540"]
[BlackElo "2416"]
[PlyCount "45"]
[EventDate "2018.??.??"]

1. e4 c5 2. Nf3 e6 3. c4 Nc6 4. d4 cxd4 5. Nxd4 Nf6 6. Nc3 d6 7. Be2 Be7 8. O-O
O-O 9. Be3 Bd7 10. Qd2 a6 11. Rfd1 Rc8 12. f3 Qc7 13. Rac1 Qb8 14. Nxc6 Bxc6
15. a4 b6 16. Qe1 Nd7 17. Rb1 Bb7 18. Qg3 Rfe8 19. Bd4 Bf8 20. Bf1 Qc7 21. Kh1
Ne5 22. b3 Nd7 23. Rd2 1/2-1/2

[Event "27. ekipno prvenstvo RH"]
[Site "Biograd na Moru"]
[Date "2018.09.09"]
[Round "2.43"]
[White "Sebenik, Matej"]
[Black "Muse, Drazen"]
[Result "0-1"]
[WhiteElo "2570"]
[BlackElo "2352"]
[PlyCount "52"]
[EventDate "2018.??.??"]

1. d4 d5 2. c4 Bf5 3. cxd5 Bxb1 4. Qa4+ c6 5. Rxb1 Qxd5 6. Nf3 Nd7 7. a3 Ngf6
8. e3 e6 9. Qc2 Be7 10. b4 Qh5 11. Be2 Qg6 12. Qxg6 hxg6 13. Nd2 Nb6 14. O-O
Na4 15. Rb3 b5 16. Bf3 Kd7 17. Ne4 Nxe4 18. Bxe4 Nb6 19. Bd3 a5 20. Bd2 axb4
21. Bxb4 Bxb4 22. axb4 Ra4 23. Rc1 Nd5 24. Rcb1 Rha8 25. g3 Ra3 26. Be4 Nc3 0-1

[Event "27. ekipno prvenstvo RH"]
[Site "Biograd na Moru"]
[Date "2018.09.09"]
[Round "2.44"]
[White "Zovko, Mario"]
[Black "Tica, Sven"]
[Result "1-0"]
[WhiteElo "2328"]
[BlackElo "2442"]
[PlyCount "183"]
[EventDate "2018.??.??"]

1. e4 c6 2. d4 d5 3. exd5 cxd5 4. Bd3 Nc6 5. c3 Nf6 6. Bf4 Bg4 7. Qb3 Qc8 8.
Nd2 e6 9. Ngf3 Be7 10. O-O Bh5 11. Ne5 Nxe5 12. Bxe5 O-O 13. a4 Bg6 14. Bxg6
hxg6 15. h3 Qc6 16. Rfe1 b6 17. Qb5 Rfc8 18. Qa6 Nd7 19. Bf4 g5 20. Bg3 Nf8 21.
Nf3 f6 22. Re2 Qc4 23. Qxc4 Rxc4 24. Nd2 Rc6 25. Nf3 a6 26. Ne1 Ra7 27. Nd3 Rb7
28. f3 Kf7 29. Be1 Bd6 30. Bd2 Ng6 31. Rae1 Re7 32. Kf2 Rc8 33. Rc1 Rec7 34.
Rce1 Re7 35. Rc1 Rec7 36. Rce1 Re8 37. Rc1 Nf4 38. Bxf4 gxf4 39. a5 b5 40. b4
Rc4 41. Nb2 Rc6 42. Nd3 Rc4 43. Nb2 Rc6 44. Nd3 Kg6 45. Nc5 Kf5 46. Rd1 g5 47.
Rd3 Re7 48. Rd1 Bc7 49. Red2 Bb8 50. Rd3 Ba7 51. R3d2 Rec7 52. Rd3 Rd6 53. R3d2
Rf7 54. Rd3 Re7 55. Kf1 Rc6 56. R3d2 Kg6 57. Rd3 Kf7 58. R3d2 Re8 59. Re2 Ke7
60. Rd3 Kd6 61. Rd1 Re7 62. Red2 Bxc5 63. dxc5+ Kd7 64. Ke2 Rc8 65. Kd3 Kc6 66.
Ke2 Rd8 67. Kf2 e5 68. Re1 f5 69. Rd3 Rdd7 70. Rd2 Re6 71. Rd3 Re8 72. Rd2 Ree7
73. Rd3 g4 74. hxg4 fxg4 75. fxg4 e4 76. Rh3 Re6 77. g5 Rg7 78. Rh4 Rxg5 79.
Rxf4 Reg6 80. Rg1 Kd7 81. g4 Ke6 82. Rh1 Rxg4 83. Rxg4 Rxg4 84. Rh6+ Ke5 85.
Rxa6 Rf4+ 86. Ke2 Rf3 87. Kd2 Rf2+ 88. Kd1 e3 89. Rd6 Ke4 90. c6 Ra2 91. c7
Ra1+ 92. Kc2 1-0

[Event "27. ekipno prvenstvo RH"]
[Site "Biograd na Moru"]
[Date "2018.09.09"]
[Round "2.46"]
[White "Zivkovic, Nikola"]
[Black "Petrov, Jole"]
[Result "0-1"]
[WhiteElo "2144"]
[BlackElo "2397"]
[PlyCount "180"]
[EventDate "2018.??.??"]

1. e4 c6 2. d4 d5 3. exd5 cxd5 4. c4 Nf6 5. Nc3 e6 6. Nf3 Bb4 7. cxd5 Nxd5 8.
Bd2 Nc6 9. Bd3 Be7 10. O-O O-O 11. a3 Nf6 12. Be3 b6 13. Re1 Bb7 14. Qe2 Rc8
15. Rad1 Nd5 16. Bc1 Nxc3 17. bxc3 Na5 18. Bb2 Qd5 19. Ra1 Rfd8 20. Bc2 Bd6 21.
Qd3 Qh5 22. h3 Bxf3 23. Qxf3 Qxf3 24. gxf3 Bf4 25. Red1 e5 26. Bf5 Rb8 27. Bc1
Bxc1 28. Raxc1 g6 29. Be4 exd4 30. cxd4 Rd7 31. f4 Nb3 32. Rc4 b5 33. Rb4 Nc5
34. Bf3 a5 35. Rb2 Ne6 36. d5 Nxf4 37. Kh2 Rb6 38. Rdb1 b4 39. axb4 Nd3 40. Ra2
axb4 41. Rd2 Ne5 42. Be2 Ra7 43. f4 Nd7 44. Bc4 Kf8 45. d6 Nf6 46. Bb3 Rd7 47.
Ba4 Rdxd6 48. Rxd6 Rxd6 49. Rxb4 Rd2+ 50. Kg3 Rd3+ 51. Kh2 Nd5 52. Rb8+ Kg7 53.
f5 Nf4 54. fxg6 Rxh3+ 55. Kg1 hxg6 56. Rb7 Ne6 57. Be8 Ng5 58. Kg2 Re3 59. Bc6
Kf6 60. Ra7 Re7 61. Ra5 Ne6 62. Kf2 Kg7 63. Bd5 f5 64. Ba8 Kf6 65. Ra6 Kg5 66.
Bf3 Nc5 67. Ra1 Kf4 68. Bc6 g5 69. Ra3 g4 70. Kf1 Re6 71. Bb5 Re3 72. Ra2 Ne4
73. Bc6 Rc3 74. Bb7 g3 75. Kg2 Rf3 76. Ra4 Rf2+ 77. Kg1 Re2 78. Ra3 Rb2 79. Bc6
Rc2 80. Bb7 Nc3 81. Rb3 Ne2+ 82. Kf1 Nd4 83. Ra3 Rb2 84. Ba8 Nc2 85. Rf3+ Kg4
86. Rc3 f4 87. Bf3+ Kh3 88. Be4 Ne3+ 89. Kg1 Rd2 90. Bf3 Rf2 0-1

[Event "27. ekipno prvenstvo RH"]
[Site "Biograd na Moru"]
[Date "2018.09.09"]
[Round "2.51"]
[White "Hracek, Zbynek"]
[Black "Tomashevsky, Evgeny"]
[Result "1/2-1/2"]
[WhiteElo "2557"]
[BlackElo "2702"]
[PlyCount "66"]
[EventDate "2018.??.??"]

1. e4 e5 2. Nf3 Nc6 3. Bb5 a6 4. Ba4 Nf6 5. O-O Be7 6. Re1 b5 7. Bb3 O-O 8. a4
b4 9. d3 d6 10. a5 Be6 11. Nbd2 Bxb3 12. Nxb3 Re8 13. d4 exd4 14. Nbxd4 Nxd4
15. Qxd4 d5 16. exd5 Qxd5 17. Qxd5 Nxd5 18. Bg5 f6 19. Rad1 Rad8 20. Bc1 Kf7
21. Kf1 Rd6 22. Nd2 Re6 23. Rxe6 Kxe6 24. Nc4 Rb8 25. b3 h5 26. h4 Rb5 27. Bd2
Bd6 28. Re1+ Kd7 29. Re4 Bf8 30. Rd4 Kc8 31. Re4 Kd7 32. Rd4 Kc8 33. Re4 Kd7
1/2-1/2

[Event "27. ekipno prvenstvo RH"]
[Site "Biograd na Moru"]
[Date "2018.09.09"]
[Round "2.52"]
[White "Saric, Ivan"]
[Black "Leventic, Ivan"]
[Result "1-0"]
[WhiteElo "2689"]
[BlackElo "2411"]
[PlyCount "73"]
[EventDate "2018.??.??"]

1. e4 e5 2. Nf3 Nf6 3. Nxe5 d6 4. Nf3 Nxe4 5. Nc3 Nxc3 6. dxc3 Be7 7. Be3 Nc6
8. Qd2 Ne5 9. O-O-O Nxf3 10. gxf3 Be6 11. Rg1 g6 12. Bd4 Rg8 13. f4 Qd7 14. c4
c5 15. Be3 Qa4 16. Kb1 O-O-O 17. b3 Qa3 18. Qc3 Bf8 19. Bc1 Qa6 20. Bh3 f5 21.
Bb2 Qc6 22. Rde1 Qd7 23. Qa5 a6 24. Bg2 Re8 25. Qb6 Kb8 26. Re3 Bh6 27. Rge1
Bf7 28. Bf6 Rxe3 29. Rxe3 Bf8 30. Bd5 Bxd5 31. cxd5 Kc8 32. Qa7 Kc7 33. Qa8 Kb6
34. Bd8+ Kb5 35. c3 c4 36. a4+ Kc5 37. Qa7+ 1-0

[Event "27. ekipno prvenstvo RH"]
[Site "Biograd na Moru"]
[Date "2018.09.09"]
[Round "2.53"]
[White "Zivkovic, Vjekoslav"]
[Black "Markus, Robert"]
[Result "0-1"]
[WhiteElo "2358"]
[BlackElo "2613"]
[PlyCount "92"]
[EventDate "2018.??.??"]

1. e4 e6 2. d4 d5 3. exd5 exd5 4. Nf3 Nc6 5. Bb5 Bd6 6. O-O Nge7 7. Bg5 f6 8.
Bh4 Bg4 9. Bg3 Bxg3 10. fxg3 Qd6 11. c3 O-O-O 12. Qa4 g5 13. Qa3 Rhe8 14. Qxd6
Rxd6 15. Re1 Bf5 16. Nbd2 a6 17. Bf1 h6 18. Re3 Nd8 19. Rae1 Re6 20. Nb3 Rxe3
21. Rxe3 Nf7 22. Nfd2 Nd6 23. Nc5 a5 24. Be2 Bg6 25. g4 b6 26. Nd3 Kd7 27. Nf2
a4 28. a3 c5 29. dxc5 bxc5 30. Bd1 Ra8 31. Nd3 Bxd3 32. Rxd3 Ke6 33. Re3+ Kf7
34. Rh3 Rb8 35. Bxa4 Rxb2 36. Rd3 c4 37. Rd4 Ra2 38. Nb1 Ne4 39. Rd1 Ke6 40.
Be8 Nc8 41. Bc6 Nb6 42. h3 Rc2 43. a4 Ra2 44. Kf1 Kd6 45. Bb5 Kc5 46. Be8 Nxa4
0-1

[Event "27. ekipno prvenstvo RH"]
[Site "Biograd na Moru"]
[Date "2018.09.09"]
[Round "2.54"]
[White "Kuljasevic, Davorin"]
[Black "Mrkonjic, Nenad"]
[Result "1-0"]
[WhiteElo "2548"]
[BlackElo "2352"]
[PlyCount "81"]
[EventDate "2018.??.??"]

1. d4 d5 2. c4 c6 3. Nf3 Nf6 4. Nc3 e6 5. Bg5 Be7 6. e3 h6 7. Bh4 Nbd7 8. Rc1
Ne4 9. Bxe7 Qxe7 10. Qc2 f5 11. Bd3 O-O 12. O-O Ng5 13. Nxg5 dxc4 14. Bxc4 hxg5
15. e4 Nb6 16. Bb3 Kh8 17. f4 Bd7 18. Qd3 g6 19. Rce1 gxf4 20. Rxf4 Qg5 21. Rf3
Kg7 22. Rg3 Qh4 23. Rf1 Rad8 24. Bc2 Rh8 25. h3 Nc4 26. Ne2 Nd6 27. exf5 exf5
28. Nf4 g5 29. d5 Ne4 30. Qd4+ Kh7 31. Rg4 Qh6 32. Bxe4 Rhf8 33. Bc2 gxf4 34.
Rfxf4 Qf6 35. Qf2 cxd5 36. Qg3 Qb6+ 37. Kh2 Rf6 38. Rg7+ Kh8 39. Rh4+ Rh6 40.
Rg6 Qxg6 41. Qxg6 1-0

[Event "27. ekipno prvenstvo RH"]
[Site "Biograd na Moru"]
[Date "2018.09.09"]
[Round "2.55"]
[White "Feletar, Darko"]
[Black "Plenca, Jadranko"]
[Result "1/2-1/2"]
[WhiteElo "2364"]
[BlackElo "2477"]
[PlyCount "31"]
[EventDate "2018.??.??"]

1. Nf3 d5 2. d4 Nf6 3. c4 e6 4. Nc3 Be7 5. Bg5 O-O 6. e3 Nbd7 7. Bd3 dxc4 8.
Bxc4 a6 9. a4 b6 10. e4 Bb7 11. e5 Nd5 12. Bxe7 Qxe7 13. O-O Nxc3 14. bxc3 Rfd8
15. Qe2 Nf8 16. Rfd1 1/2-1/2

[Event "27. ekipno prvenstvo RH"]
[Site "Biograd na Moru"]
[Date "2018.09.09"]
[Round "2.56"]
[White "Jovanic, Ognjen"]
[Black "Jukic, Branimir"]
[Result "1-0"]
[WhiteElo "2512"]
[BlackElo "2377"]
[PlyCount "47"]
[EventDate "2018.??.??"]

1. d4 Nf6 2. c4 c5 3. d5 b5 4. cxb5 a6 5. e3 Bb7 6. Nc3 axb5 7. Bxb5 Qa5 8. Bd2
Qb6 9. Nf3 Nxd5 10. Nxd5 Bxd5 11. a4 e6 12. Bc3 Be7 13. O-O O-O 14. Nd2 f5 15.
f3 Qb7 16. e4 Bc6 17. Qe2 d5 18. exd5 Bxd5 19. Nc4 Nc6 20. Ne3 Na5 21. Rad1 Bc6
22. Bxa5 Bxb5 23. axb5 Rxa5 24. Nc4 1-0

[Event "27. ekipno prvenstvo RH"]
[Site "Biograd na Moru"]
[Date "2018.09.10"]
[Round "3.11"]
[White "Tomashevsky, Evgeny"]
[Black "Ponkratov, Pavel"]
[Result "1/2-1/2"]
[WhiteElo "2702"]
[BlackElo "2622"]
[PlyCount "52"]
[EventDate "2018.??.??"]

1. Nf3 Nf6 2. c4 b6 3. g3 Bb7 4. Bg2 e6 5. O-O Be7 6. Nc3 O-O 7. d4 Ne4 8. Bd2
c5 9. Nxe4 Bxe4 10. Bc3 d5 11. cxd5 Qxd5 12. dxc5 Bxc5 13. Qxd5 Bxd5 14. Ne5
Bxg2 15. Kxg2 f6 16. Nd3 Na6 17. Nxc5 Nxc5 18. Bb4 Rfd8 19. Bxc5 bxc5 20. Rfd1
Kf7 21. Kf3 Rxd1 22. Rxd1 Ke7 23. Ke3 Rb8 24. Rb1 Kd6 25. Kd3 Kc6 26. Kc3 Rd8
1/2-1/2

[Event "27. ekipno prvenstvo RH"]
[Site "Biograd na Moru"]
[Date "2018.09.10"]
[Round "3.12"]
[White "Predke, Alexandr"]
[Black "Saric, Ivan"]
[Result "1-0"]
[WhiteElo "2612"]
[BlackElo "2689"]
[PlyCount "173"]
[EventDate "2018.??.??"]

1. d4 Nf6 2. Nf3 e6 3. c4 d5 4. g3 Bb4+ 5. Bd2 Be7 6. Bg2 c6 7. Qb3 O-O 8. O-O
a5 9. Bg5 Nbd7 10. Re1 h6 11. Bxf6 Bxf6 12. Nbd2 a4 13. Qd3 b6 14. e4 Bb7 15.
Rac1 Qb8 16. h4 Rd8 17. cxd5 cxd5 18. e5 Be7 19. g4 a3 20. b3 Nf8 21. g5 h5 22.
Nf1 Rc8 23. Ng3 g6 24. Nh2 Rxc1 25. Rxc1 Qd8 26. Bf1 Rc8 27. Qe3 Rc7 28. Bd3
Qc8 29. Ne2 Nd7 30. f4 Nb8 31. Nf3 Nc6 32. Kf2 Nb4 33. Bb1 Ba6 34. Rxc7 Qxc7
35. Qc1 Qd7 36. Ne1 Qb5 37. Qd2 Kf8 38. Ng3 Ke8 39. Ke3 Qa5 40. Nf3 Kd7 41. Ne1
Qb5 42. Ne2 Bf8 43. Bd3 Nxd3 44. Nxd3 Kd8 45. f5 exf5 46. Nef4 Qc6 47. Ne1 Qb5
48. Qg2 Bb7 49. Nc2 Qc6 50. Kd2 b5 51. Qf3 b4 52. Qd3 Ba6 53. Qf3 Bb7 54. Kd1
Be7 55. Qd3 Ba6 56. Qf3 Bb7 57. Qd3 Ba6 58. Qd2 Qb5 59. Ne3 Bb7 60. Qd3 Qa5 61.
Qe2 Ke8 62. Qg2 Qb6 63. Qd2 Qa5 64. Nc2 Ba6 65. Qg2 Bb7 66. Qf3 Qb5 67. Qe2 Qb6
68. Qd3 Qa5 69. Ne3 Bd8 70. e6 fxe6 71. Nxe6 Qb6 72. Nxf5 gxf5 73. Qxf5 Ke7 74.
Nc5 Qc6 75. Nxb7 Bb6 76. Qh7+ Kf8 77. Qh8+ Ke7 78. Qg7+ Ke8 79. g6 Qe6 80. Nd6+
Kd8 81. Nf7+ Ke8 82. Nd6+ Kd8 83. Nf7+ Kc8 84. Ne5 Qh3 85. Qd7+ Qxd7 86. Nxd7
Bxd4 87. Nc5 1-0

[Event "27. ekipno prvenstvo RH"]
[Site "Biograd na Moru"]
[Date "2018.09.10"]
[Round "3.13"]
[White "Markus, Robert"]
[Black "Martinovic, Sasa"]
[Result "1-0"]
[WhiteElo "2613"]
[BlackElo "2567"]
[PlyCount "73"]
[EventDate "2018.??.??"]

1. Nf3 Nf6 2. g3 g6 3. b3 Bg7 4. Bb2 d6 5. d4 c5 6. d5 b5 7. Bg2 O-O 8. O-O
Nbd7 9. Re1 Nb6 10. e4 e6 11. dxe6 Bxe6 12. Nbd2 h6 13. Qe2 Rb8 14. Rad1 Re8
15. Ba1 a6 16. Qd3 d5 17. Qc3 Qc8 18. Qa5 Bg4 19. exd5 Nbxd5 20. Rxe8+ Nxe8 21.
Bxg7 Kxg7 22. c4 Ndf6 23. cxb5 axb5 24. Rc1 Qf5 25. Qc3 Rc8 26. Ne5 Bh3 27. Bh1
Kg8 28. Nc6 Qd7 29. Ne5 Qe6 30. Qe3 Ng4 31. Nxg4 Bxg4 32. Qxh6 c4 33. bxc4 bxc4
34. Ne4 c3 35. Ng5 Qxa2 36. Qh7+ Kf8 37. Re1 1-0

[Event "27. ekipno prvenstvo RH"]
[Site "Biograd na Moru"]
[Date "2018.09.10"]
[Round "3.14"]
[White "Cvitan, Ognjen"]
[Black "Kuljasevic, Davorin"]
[Result "1/2-1/2"]
[WhiteElo "2489"]
[BlackElo "2548"]
[PlyCount "35"]
[EventDate "2018.??.??"]

1. d4 Nf6 2. c4 e6 3. Nc3 Bb4 4. e3 O-O 5. Bd3 d5 6. Nf3 dxc4 7. Bxc4 c5 8. O-O
cxd4 9. exd4 b6 10. Bg5 Bb7 11. Re1 Nbd7 12. Rc1 Rc8 13. Bd3 h6 14. Bh4 Be7 15.
Qe2 Nh5 16. Bg3 Nxg3 17. hxg3 Nf6 18. Ba6 1/2-1/2

[Event "27. ekipno prvenstvo RH"]
[Site "Biograd na Moru"]
[Date "2018.09.10"]
[Round "3.15"]
[White "Plenca, Jadranko"]
[Black "Kurajica, Bojan"]
[Result "1/2-1/2"]
[WhiteElo "2477"]
[BlackElo "2526"]
[PlyCount "107"]
[EventDate "2018.??.??"]

1. e4 c5 2. Nf3 Nc6 3. Bb5 e6 4. O-O Nge7 5. Re1 Ng6 6. c3 Be7 7. d4 Qc7 8. d5
Nd8 9. e5 exd5 10. Qxd5 a6 11. Bd3 b5 12. Bg5 Bb7 13. Qd6 Ne6 14. Qxc7 Nxc7 15.
Nbd2 Ne6 16. Bxe7 Kxe7 17. g3 Bxf3 18. Nxf3 Rhd8 19. a4 Rab8 20. axb5 axb5 21.
Ra7 Rdc8 22. Nd2 c4 23. Bf1 Ra8 24. Rb7 Ra5 25. b4 Ra2 26. Nf3 Rc2 27. Re3 Ra8
28. Rxb5 Ra1 29. Ra5 Rb1 30. Kg2 Rbb2 31. Bxc4 Rxf2+ 32. Kg1 Rg2+ 33. Kh1 Rgf2
34. Kg1 Rg2+ 35. Kf1 Nef4 36. gxf4 Nxf4 37. Ra1 g5 38. Be2 Rgxe2 39. Rxe2 Nxe2
40. c4 g4 41. Nh4 Nd4 42. Rd1 Nc6 43. Nf5+ Ke6 44. Ng7+ Kxe5 45. Rxd7 Nd4 46.
Rxf7 Nf3 47. h3 gxh3 48. Rxf3 Rb1+ 49. Kf2 h2 50. Re3+ Kf4 51. Nh5+ Kg4 52. Ng3
Rb2+ 53. Kf1 Rxb4 54. Rc3 1/2-1/2

[Event "27. ekipno prvenstvo RH"]
[Site "Biograd na Moru"]
[Date "2018.09.10"]
[Round "3.16"]
[White "Muse, Mladen"]
[Black "Jovanic, Ognjen"]
[Result "0-1"]
[WhiteElo "2400"]
[BlackElo "2512"]
[PlyCount "92"]
[EventDate "2018.??.??"]

1. Nf3 d5 2. g3 c6 3. Bg2 Bf5 4. O-O e6 5. b3 Nf6 6. Bb2 Be7 7. d3 h6 8. Nbd2
O-O 9. c4 Bh7 10. Rc1 a5 11. a3 Nbd7 12. Rc2 Bd6 13. Qa1 Qe7 14. cxd5 exd5 15.
Re1 Rfe8 16. Rcc1 Qf8 17. Nd4 Rad8 18. N2f3 Ng4 19. h3 Ngf6 20. Nh4 Rc8 21.
Ndf5 Be5 22. Bxe5 Nxe5 23. Nd4 Qd6 24. Nhf3 Nxf3+ 25. Nxf3 c5 26. d4 b6 27.
dxc5 bxc5 28. e3 a4 29. bxa4 Qa6 30. Nd2 Qxa4 31. Qc3 Red8 32. g4 Bg6 33. Qb3
Qa7 34. a4 Qa5 35. Qa2 c4 36. Red1 Bd3 37. Bf1 Bxf1 38. Kxf1 Ra8 39. Kg1 Rdb8
40. e4 c3 41. Nb3 Qxa4 42. Qxa4 Rxa4 43. Nd4 Nxe4 44. Ne2 Rc4 45. f3 Ng5 46.
Rxc3 Nxh3+ 0-1

[Event "27. ekipno prvenstvo RH"]
[Site "Biograd na Moru"]
[Date "2018.09.10"]
[Round "3.21"]
[White "Braun, Arik"]
[Black "Hracek, Zbynek"]
[Result "1/2-1/2"]
[WhiteElo "2581"]
[BlackElo "2557"]
[PlyCount "61"]
[EventDate "2018.??.??"]

1. d4 Nf6 2. c4 e6 3. Nc3 d5 4. cxd5 exd5 5. Bg5 c6 6. e3 Be7 7. Bd3 Nbd7 8. h3
Nf8 9. Bf4 Ng6 10. Bg3 Bd6 11. Bxd6 Qxd6 12. Nf3 O-O 13. Qc2 b6 14. O-O Bd7 15.
Rac1 Rfe8 16. Rfd1 Re7 17. a3 Rae8 18. b4 Ne4 19. Bxe4 dxe4 20. Ng5 Nh4 21.
Ngxe4 Qh6 22. Ng3 Nxg2 23. Kxg2 Qxh3+ 24. Kg1 h5 25. e4 h4 26. Rd3 Re6 27. Qe2
hxg3 28. Rxg3 Qh4 29. Qf3 Rh6 30. Kf1 f5 31. exf5 1/2-1/2

[Event "27. ekipno prvenstvo RH"]
[Site "Biograd na Moru"]
[Date "2018.09.10"]
[Round "3.22"]
[White "Leventic, Ivan"]
[Black "Georgiev, Kiril"]
[Result "0-1"]
[WhiteElo "2411"]
[BlackElo "2590"]
[PlyCount "132"]
[EventDate "2018.??.??"]

1. e4 c5 2. Nf3 d6 3. d4 Nf6 4. dxc5 Qa5+ 5. c3 Qxc5 6. Bd3 g6 7. Be3 Qc7 8. h3
Bg7 9. O-O O-O 10. c4 a6 11. Nc3 e6 12. Rc1 Nbd7 13. b4 b6 14. Bf4 Rd8 15. Qe2
Bb7 16. Rfd1 Rac8 17. Na4 Bc6 18. Nc3 Bb7 19. Na4 Nh5 20. Be3 Qc6 21. Nc3 Qc7
22. Na4 Rb8 23. Bb1 Bc6 24. Nc3 Ba8 25. Nd4 Nhf6 26. Nb3 Ne5 27. c5 dxc5 28.
bxc5 b5 29. Bf4 Nh5 30. Bh2 Bh6 31. Rxd8+ Rxd8 32. Rd1 Nf4 33. Bxf4 Bxf4 34. g3
Bh6 35. f4 Rxd1+ 36. Qxd1 Nc4 37. e5 Bf8 38. Qd4 Na5 39. Ne4 Bxe4 40. Qxe4
Bxc5+ 41. Kh2 Nc4 42. Qa8+ Bf8 43. Qxa6 Na3 44. Bd3 Qc3 45. Bxb5 g5 46. Bd3
Qb2+ 47. Kg1 Qc3 48. Kf2 h6 49. Ke2 Qb2+ 50. Kf3 gxf4 51. gxf4 Qh2 52. Bf1 Qxa2
53. Qd3 Nc2 54. Kg3 Qb2 55. Nd2 Nd4 56. Ne4 Be7 57. Qd2 Qa1 58. Kg2 Nf5 59. Kg1
Kf8 60. Nd6 Ng3 61. Kf2 Bh4 62. Qd3 Nxf1+ 63. Kf3 Nh2+ 64. Kg2 Qb2+ 65. Kh1 Qf2
66. Ne4 Qf3+ 0-1

[Event "27. ekipno prvenstvo RH"]
[Site "Biograd na Moru"]
[Date "2018.09.10"]
[Round "3.26"]
[White "Jukic, Branimir"]
[Black "Zivkovic, Nikola"]
[Result "1-0"]
[WhiteElo "2377"]
[BlackElo "2144"]
[PlyCount "73"]
[EventDate "2018.??.??"]

1. e4 c5 2. Nf3 d6 3. d4 cxd4 4. Nxd4 Nf6 5. Nc3 a6 6. Bg5 e6 7. f4 Be7 8. Qf3
Qc7 9. O-O-O Nbd7 10. g4 b5 11. Bxf6 Nxf6 12. g5 Nd7 13. f5 Nc5 14. f6 gxf6 15.
gxf6 Bf8 16. Rg1 b4 17. Nd5 Qb7 18. Rg7 e5 19. Nf5 Bxf5 20. Qxf5 Ne6 21. Qxe6+
fxe6 22. Rxb7 exd5 23. Rxd5 Bh6+ 24. Kd1 Rd8 25. Bxa6 Bg5 26. f7+ Kf8 27. Bc4
h5 28. Rd3 Bf4 29. Ke2 Rh6 30. h3 Rg6 31. Rxb4 Rg2+ 32. Kf1 Rxc2 33. Rxd6 Rc8
34. b3 Rxa2 35. Rb7 Rca8 36. Rg6 Ra1+ 37. Kf2 1-0